Southville International School and Colleges
Your cart is empty.
  • Cart
  • Lists
    Public lists Eva Luna New books Lux_list list_1
    Your lists Log in to create your own lists
  • Log in to your account
  • Your cookies
  • Search history
Southville International School and Colleges
  • Advanced search
  • Recent comments
  • Most popular
  • Libraries

Log in to your account

Log in with GOOGLE


If you do not have an external account, but do have a local account, you can still log in:

  1. Home
  2. MARC view: How to write reports & proposals. /
Normal view MARC view ISBD view

How to write reports & proposals. / (Record no. 39494)

[ view plain ]
MARC details
000 -LEADER
fixed length control field 00576nam a2200205 a 4500
005 - DATE AND TIME OF LATEST TRANSACTION
control field 20140311163023.0
008 - FIXED-LENGTH DATA ELEMENTS--GENERAL INFORMATION
fixed length control field 070920s19uu xx 00 eng d
020 ## - INTERNATIONAL STANDARD BOOK NUMBER
International Standard Book Number 0749445521
050 ## - LIBRARY OF CONGRESS CALL NUMBER
Classification number HF 5719
Item number .F67 2010
100 ## - MAIN ENTRY--PERSONAL NAME
Personal name Forsyth, Patrick
245 ## - TITLE STATEMENT
Title How to write reports & proposals. /
Statement of responsibility, etc Patrick Forsyth
250 ## - EDITION STATEMENT
Edition statement 2nd ed.
260 ## - PUBLICATION, DISTRIBUTION, ETC. (IMPRINT)
Place of publication, distribution, etc London :
Name of publisher, distributor, etc Kogan Page,
Date of publication, distribution, etc 2006.
300 ## - PHYSICAL DESCRIPTION
Extent 118 p. :
Dimensions 22 cm.
650 ## - SUBJECT ADDED ENTRY--TOPICAL TERM
Topical term or geographic name as entry element Business report writing.
650 ## - SUBJECT ADDED ENTRY--TOPICAL TERM
Topical term or geographic name as entry element Proposal writing in business.
650 ## - SUBJECT ADDED ENTRY--TOPICAL TERM
Topical term or geographic name as entry element Business writing.
942 ## - ADDED ENTRY ELEMENTS (KOHA)
Koha item type Books
Source of classification or shelving scheme Library of Congress Classification
Call number prefix Foreign
Holdings
Withdrawn status Lost status Source of classification or shelving scheme Damaged status Home library Current library Shelving location Date acquired Source of acquisition Cost, normal purchase price Total Checkouts Full call number Barcode Date last seen Date checked out Copy number Price effective from Koha item type
    Library of Congress Classification   College Library College Library General Circulation Section 09/20/2007 Donation 735.00 1 HF 5719 .F67 2007 C8683 05/15/2018 06/29/2016 1 10/18/2013 Books

How to write reports & proposals. /

APA

Forsyth P., . (2006). How to write reports & proposals. London: Kogan Page.

Chicago

Forsyth Patrick, . 2006. How to write reports & proposals. London: Kogan Page.

Harvard

Forsyth P., . (2006). How to write reports & proposals. London: Kogan Page.

MLA

Forsyth Patrick, . How to write reports & proposals. London: Kogan Page. 2006.

  • Place hold
  • Print
  • Cite
  • Add to your cart (remove)
  • Save record
    BIBTEX Dublin Core MARCXML MARC (non-Unicode/MARC-8) MARC (Unicode/UTF-8) MARC (Unicode/UTF-8, Standard) MODS (XML) RIS
  • More searches
    Search for this title in:
    Other Libraries (WorldCat) Other Databases (Google Scholar) Online Stores (Bookfinder.com) Open Library (openlibrary.org)

Exporting to Dublin Core...

SOUTHVILLE LIBRARY

Southville International School and Colleges Library

1281 Tropical Ave. Cor. Luxembourg St., BF Homes International, Las Pinas City

Tel. No. 8256374 / 252358 Loc. 117/146

Powered by Koha